[Event "Marianske Lazne op 16th"]
[Site "Marianske Lazne"]
[Date "2017.01.24"]
[Round "5"]
[White "Krajinski, Lutz"]
[Black "Sheldunov, Gleb"]
[Result "0-1"]
[WhiteElo "1658"]
[BlackElo "2030"]
[PlyCount "83"]
[EventDate "2017.01.21"]
[EventType "swiss"]
[EventRounds "9"]
[EventCountry "CZE"]
[SourceTitle "CBM 176 Extra"]
[Source "ChessBase"]
[SourceDate "2017.03.02"]
[SourceVersion "1"]
[SourceVersionDate "2017.03.02"]
[SourceQuality "1"]

1. c4 Nf6 2. Nc3 g6 3. e4 d6 4. d4 Bg7 5. h3 0-0 6. Be3 e5 7. Nf3 Nbd7 8. dxe5 dxe5 9. Qc2 c6 10. Be2 Nh5 11. g3 Qe7 12. Nd2 Nc5 13. Bxh5 gxh5 14. f4 exf4 15. gxf4 Kh8 16. 0-0-0 a5 17. Rde1 Rd8 18. Bxc5 Qxc5 19. e5 Bh6 20. Nce4 Qd4 21. Nd6 Qxf4 22. Ref1 Qxd2+ 23. Qxd2 Bxd2+ 24. Kxd2 Be6 25. Kc3 Rd7 26. Rhg1 b5 27. b3 a4 28. Rf6 axb3 29. axb3 bxc4 30. Nxc4 Ra2 31. Nb6 Re7 32. Rgf1 Kg8 33. Nc4 Bxh3 34. Rg1+ Rg2 35. Rxg2+ Bxg2 36. Rf5 Be4 37. Rxh5 Bg6 38. Rh3 Rd7 39. Re3 Bf5 40. Kb4 h5 41. Nd6 Be6 42. Ne8 0-1